| 000 | 00613nam a2200181Ia 4500 | ||
|---|---|---|---|
| 008 | 100920s9999 xx 000 0 und d | ||
| 082 |
_b40125 _a28 व 891 थ 50 |
||
| 100 | _a--- | ||
| 245 | _aनिवडक गुजगोष्टी. | ||
| 260 |
_bचित्रशाळा प्रकाशन,पुणे2. _c1950 |
||
| 300 |
_a92 _bसाधी |
||
| 365 | _b1 | ||
| 520 | _aबा.वि.लघुकथा. | ||
| 630 | _aनिवडक गुजगोष्टी. | ||
| 650 | _aबा.वि.लघुकथा. | ||
| 730 | _aनिवडक गुजगोष्टी. | ||
| 942 | _cBOOK | ||
| 999 |
_c691332 _d691329 |
||